Simatitana sirivanta suggi (Record no. 121693)
[ view plain ]
| 000 -LEADER | |
|---|---|
| fixed length control field | 01502nam a2200241Ia 4500 |
| 003 - CONTROL NUMBER IDENTIFIER | |
| control field | OSt |
| 005 - DATE AND TIME OF LATEST TRANSACTION | |
| control field | 20251111154859.0 |
| 008 - FIXED-LENGTH DATA ELEMENTS--GENERAL INFORMATION | |
| fixed length control field | 210210b2017 xxu||||| |||| 00| 0 eng d |
| 040 ## - CATALOGING SOURCE | |
| Transcribing agency | AL |
| 041 ## - LANGUAGE CODE | |
| Language code of text/sound track or separate title | Kannada |
| 082 ## - DEWEY DECIMAL CLASSIFICATION NUMBER | |
| Classification number | K894.1 NISS |
| 100 ## - MAIN ENTRY--PERSONAL NAME | |
| Personal name | NISAR AHAMAD (K S) |
| 9 (RLIN) | 144913 |
| Dates associated with a name | ನಿಸಾರ್ ಅಹಮದ್ (ಕೆ.ಎಸ್) |
| 245 ## - TITLE STATEMENT | |
| Title | Simatitana sirivanta suggi |
| Remainder of title | ಸೀಮಾತೀತನ ಸಿರಿವಂತ ಸುಗ್ಗಿ |
| 260 ## - PUBLICATION, DISTRIBUTION, ETC. | |
| Place of publication, distribution, etc. | Maisuru |
| Name of publisher, distributor, etc. | Talukina Venkannayya Smaraka Granthamale |
| Date of publication, distribution, etc. | 2017 |
| 300 ## - PHYSICAL DESCRIPTION | |
| Extent | xii,406 |
| 520 ## - SUMMARY, ETC. | |
| Summary, etc. | ತ್ಯೋತ್ಸವ ಕವಿತೆ ಖ್ಯಾತಿಯ ಪ್ರೊ. ಕೆ.ಎಸ್. ನಿಸಾರ ಅಹಮ್ಮದ್ ಅವರ ಆಯ್ದ ಕವಿತೆಗಳ ಸಂಕಲನ-ಸೀಮಾತೀತನ ಸಿರಿವಂತ ಸುಗ್ಗಿ. ಭಾವುಕತೆಯ ನೆಲೆಯಲ್ಲಿ, ವಾಸ್ತವತೆಯ ಕಾಠಿಣ್ಯದಲ್ಲಿ ವ್ಯಂಗೋಕ್ತಿಗಳ ಮೂಲಕ ಮನುಷ್ಯನ ಹೊಣೆಗಾರಿಕೆಯನ್ನು, ನಡೆಯನ್ನು ಎಚ್ಚರಿಸುವ ಮನೋಭಾವದ ಅಂಶವಿರುವ ಕವಿಯ ಎಲ್ಲ ಕವನಗಳು ಓದುಗರನ್ನು ತಮ್ಮ ವಸ್ತು, ಶೈಲಿಯಿಂದ ಗಮನ ಸೆಳೆಯುತ್ತವೆ. |
| 650 ## - SUBJECT ADDED ENTRY--TOPICAL TERM | |
| Topical term or geographic name entry element | suggi |
| 9 (RLIN) | 144914 |
| 650 ## - SUBJECT ADDED ENTRY--TOPICAL TERM | |
| Topical term or geographic name entry element | sirivanta |
| 9 (RLIN) | 144915 |
| 650 ## - SUBJECT ADDED ENTRY--TOPICAL TERM | |
| Topical term or geographic name entry element | Simatitana |
| 9 (RLIN) | 144916 |
| 690 ## - LOCAL SUBJECT ADDED ENTRY--TOPICAL TERM (OCLC, RLIN) | |
| Topical term or geographic name as entry element | Kannada Poetry |
| 9 (RLIN) | 144917 |
| 906 ## - LOCAL DATA ELEMENT F, LDF (RLIN) | |
| a | 071955 |
| 942 ## - ADDED ENTRY ELEMENTS (KOHA) | |
| Source of classification or shelving scheme | Dewey Decimal Classification |
| Koha item type | Book |
| Withdrawn status | Lost status | Source of classification or shelving scheme | Damaged status | Not for loan | Collection code | Home library | Current library | Shelving location | Date acquired | Source of acquisition | Cost, normal purchase price | Total Checkouts | Full call number | Barcode | Date last seen | Price effective from | Koha item type |
|---|---|---|---|---|---|---|---|---|---|---|---|---|---|---|---|---|---|
| Dewey Decimal Classification | Kannada | St Aloysius Library | St Aloysius Library | 02/17/2021 | Navakarnataka Publication Pvt Ltd Mangalore | 300.00 | K894.1 NISS | 071955 | 02/17/2021 | 02/17/2021 | Book |